Sprachmittel im politischen Diskurs über Brexit
Charakteristika toho, ako sa proces výstupu Spojeného kráľovstva z Európskej únie odzrkadľuje v mediálnom jazyku, v slovnej zásobe novinárov (s ťažiskom na dennú tlač – Daily Express, The Independent, Daily Telegraph, The Guardian, atď.), v správach BBC, v rétorike jednotlivcov, ako aj skupín, ktor...
Salvato in:
| Autore principale: | |
|---|---|
| Natura: | Capitolo di libro |
| Lingua: | tedesco |
| Soggetti: | |
| Tags: |
Nessun Tag, puoi essere il primo ad aggiungerne!!
|
MARC
| LEADER | 00000naa$a2200000$$$4500 | ||
|---|---|---|---|
| 001 | 0246391 | ||
| 005 | 20240502083657.7 | ||
| 041 | 0 | |a ger | |
| 044 | |a DE | ||
| 245 | 1 | 0 | |a Sprachmittel im politischen Diskurs über Brexit |
| 520 | |a Charakteristika toho, ako sa proces výstupu Spojeného kráľovstva z Európskej únie odzrkadľuje v mediálnom jazyku, v slovnej zásobe novinárov (s ťažiskom na dennú tlač – Daily Express, The Independent, Daily Telegraph, The Guardian, atď.), v správach BBC, v rétorike jednotlivcov, ako aj skupín, ktoré hlasovali za, alebo proti vystúpeniu Veľkej Británie z EÚ. | ||
| 610 | 2 | 0 | |a jazykoveda |
| 610 | 2 | 0 | |a jazyk odborný |
| 610 | 2 | 0 | |a žurnalistika |
| 610 | 2 | 0 | |a médiá |
| 610 | 2 | 0 | |a novinárstvo |
| 610 | 2 | 0 | |a Veľká Británia |
| 610 | 2 | 0 | |a Európska únia |
| 610 | 2 | 0 | |a dezintegrácia |
| 610 | 2 | 0 | |a brexit |
| 100 | 1 | |a Breveníková, Daniela | |